ՀՀ Գիտությունների ազգային ակադեմիայի հիմնարար գիտական գրադարան  =   Fundamental Scientific Library of NAS RA

Գորա : (Record no. 6321)

MARC details
000 -LEADER
fixed length control field 00901nam a2200205 a 4500
001 - CONTROL NUMBER
control field 000018900
003 - CONTROL NUMBER IDENTIFIER
control field AM-YEHGA
005 - DATE AND TIME OF LATEST TRANSACTION
control field 20250618070804.0
008 - FIXED-LENGTH DATA ELEMENTS--GENERAL INFORMATION
fixed length control field 981223s1959 ||||||||||||||||||||arm d
040 ## - CATALOGING SOURCE
Original cataloging agency AM-YeHGA
090 ## - LOCALLY ASSIGNED LC-TYPE CALL NUMBER (OCLC); LOCAL CALL NUMBER (RLIN)
-- 6365
100 1# - MAIN ENTRY--PERSONAL NAME
Personal name Թագոր, Ռաբինդրանաթ
9 (RLIN) 461
245 10 - TITLE STATEMENT
Title Գորա :
Remainder of title Վեպ /
Statement of responsibility, etc. Ռ. Թագոր; Թարգմ. ռուս.՝ Ա. Վարդապետյան; Խմբ.՝ Խ. Հրաչյան; Վերջաբ. հեղ.՝ Ա. Գնատուկ-Դանիլչուկ.
260 ## - PUBLICATION, DISTRIBUTION, ETC.
Place of publication, distribution, etc. Երևան :
Name of publisher, distributor, etc. Հայպետհրատ ,
Date of publication, distribution, etc. 1959.
300 ## - PHYSICAL DESCRIPTION
Extent 598 էջ ;
Dimensions 20 սմ.
650 14 - SUBJECT ADDED ENTRY--TOPICAL TERM
Topical term or geographic name entry element Հնդկական գրականություն
General subdivision Վեպ
700 1# - ADDED ENTRY--PERSONAL NAME
Personal name Վարդապետյան, Արփիկ Ղուկասի,
Dates associated with a name 1912-
Relator term թարգմ.
Relationship trl
700 1# - ADDED ENTRY--PERSONAL NAME
Personal name Հրաչյան, Խաչիկ Թադևոսի,
Dates associated with a name 1912-1989
Relator term խմբ.
Relationship edt
9 (RLIN) 1925
700 1# - ADDED ENTRY--PERSONAL NAME
Personal name Գնատուկ-Դանիլչուկ, Ա.
Relator term վերջաբ.
Relationship aft
Holdings
Withdrawn status Lost status Source of classification or shelving scheme Damaged status Not for loan Collection Home library Current library Date acquired Total checkouts Full call number Barcode Date last seen Cost, replacement price Price effective from Koha item type Public note
    Universal Decimal Classification     General Fundamental Scientific Library Fundamental Scientific Library 21/12/2016   AII/726 FL0030447 21/12/2016 9.00 21/12/2016 Գրքեր / Books 30 Days Loan
    Universal Decimal Classification     General Fundamental Scientific Library Fundamental Scientific Library 21/12/2016   AII/727 FL0030448 21/12/2016 9.00 21/12/2016 Գրքեր / Books 30 Days Loan
    Universal Decimal Classification     General Fundamental Scientific Library Fundamental Scientific Library 21/12/2016   AII/728 FL0030449 21/12/2016 9.00 21/12/2016 Գրքեր / Books 30 Days Loan
    Universal Decimal Classification     General Fundamental Scientific Library Fundamental Scientific Library 21/12/2016   AII/729 FL0030450 21/12/2016 9.00 21/12/2016 Գրքեր / Books 30 Days Loan


ՀՀ ԳԱԱ հիմնարար գիտական գրադարան
ՀՀ,Երևան 0019
Մարշալ Բաղրամյան 24/6
հեռախոս:(374-10) 52-47-50
Հետադարձ կապ

All site content, except where otherwise noted, is licensed under a
Creative Commons License